Kultúrne determinanty slovenských miest a obcí a ich potenciál pre socioekonomický rozvoj regiónov SR

Kultúra a socioekonomický rozvoj regiónov v rámci Európskej únie. Kultúra ako zdroj zamestnanosti. Kultúra ako podpora investičných rozhodnutí a turizmu. Kultúra ako strategický rozvojový prvok regiónu.

Guardado en:
Detalles Bibliográficos
Autor principal: Tajtáková, Mária
Otros Autores: Loydlová, Miroslava, Filo, Peter
Formato: Capítulo de libro
Lenguaje:eslovaco
Materias:
Etiquetas: Agregar Etiqueta
Sin Etiquetas, Sea el primero en etiquetar este registro!

MARC

LEADER 00000naa$a2200000$$$4500
001 0104198
005 20240611103601.1
041 0 |a slo 
044 |a SK 
245 1 0 |a Kultúrne determinanty slovenských miest a obcí a ich potenciál pre socioekonomický rozvoj regiónov SR  |c Mária Tajtáková, Miroslava Loydlová, Peter Filo 
520 |a Kultúra a socioekonomický rozvoj regiónov v rámci Európskej únie. Kultúra ako zdroj zamestnanosti. Kultúra ako podpora investičných rozhodnutí a turizmu. Kultúra ako strategický rozvojový prvok regiónu. 
610 2 0 |a rozvoj sociálno-ekonomický 
610 2 0 |a rozvoj regionálny 
610 2 0 |a Slovensko 
610 2 0 |a regióny 
610 2 0 |a zvyklosti kultúrne 
610 2 0 |a rozhodovanie investičné 
610 2 0 |a Európska únia 
610 2 0 |a ruch cestovný 
100 1 |a Tajtáková, Mária 
700 1 |a Loydlová, Miroslava 
700 1 |a Filo, Peter